| 000 | 00656nam a2200229Ia 4500 | ||
|---|---|---|---|
| 003 | OSt | ||
| 005 | 20220926042655.0 | ||
| 006 | a|||||r|||| 00| 0 | ||
| 007 | ta | ||
| 008 | 220923b |||||||| |||| 00| 0 eng d | ||
| 037 | _cGeneral Book | ||
| 040 |
_aRTL _cRTL _beng |
||
| 041 |
_2eng _aeng |
||
| 082 | _aX9:328.73.N58, K3 | ||
| 100 | _aStigler George J | ||
| 245 | 0 | _aCapital and rates of return in manufacturing indus | |
| 260 | _c1963 | ||
| 490 | _aNational Bureau of economics research, general series, 78. | ||
| 650 | _aProduction | ||
| 942 |
_hX9:328.73.N58, K3 _cGB _2CC |
||
| 999 |
_c670339 _d670339 |
||